Statistics for Fill in the Blanks Countries 2

Click here to take the quiz!

General Stats

  • This quiz has been taken 41 times
  • The average score is 12 of 15

Answer Stats

Country without some lettersAnswer% Correct
B--b-do-Barbados
97%
Sr- ---k-Sri Lanka
94%
N--wa-Norway
89%
M-d--a-c---Madagascar
86%
-a-z--iaTanzania
86%
Iv--- ---s-Ivory Coast
83%
-rm--i-Armenia
77%
B--gi--Belgium
77%
K-w-i-Kuwait
77%
T--g-Tonga
71%
C--om-i-Colombia
66%
-ao --m- --d Pr--c--eSao Tome And Principe
66%
-ha-Chad
63%
-w--z-r---dSwitzerland
63%
-er---yGermany
60%

Score Distribution

Percentile by Number Answered

Percent of People with Each Score

Your Score History

You have not taken this quiz